Catholic University of Zimbabwe Library
Online Public Access Catalogue
(OPAC)

Luchas sociales, justicia contextual y dignidad de los pueblos (Record no. 26057)

MARC details
000 -LEADER
fixed length control field 03778cam a22004454a 4500
001 - CONTROL NUMBER
control field muse84132
003 - CONTROL NUMBER IDENTIFIER
control field MdBmJHUP
005 - DATE AND TIME OF LATEST TRANSACTION
control field 20210127151525.0
006 - FIXED-LENGTH DATA ELEMENTS--ADDITIONAL MATERIAL CHARACTERISTICS
fixed length control field m o d
007 - PHYSICAL DESCRIPTION FIXED FIELD--GENERAL INFORMATION
fixed length control field cr||||||||nn|n
008 - FIXED-LENGTH DATA ELEMENTS--GENERAL INFORMATION
fixed length control field 200324s2020 cl o 00 0 spa d
020 ## - INTERNATIONAL STANDARD BOOK NUMBER
International Standard Book Number 9789568416928
035 ## - SYSTEM CONTROL NUMBER
System control number (OCoLC)1146280583
040 ## - CATALOGING SOURCE
Original cataloging agency MdBmJHUP
Transcribing agency MdBmJHUP
043 ## - GEOGRAPHIC AREA CODE
Geographic area code s-cl---
050 #4 - LIBRARY OF CONGRESS CALL NUMBER
Classification number F1414.3
Item number .L837 2020
245 00 - TITLE STATEMENT
Title Luchas sociales, justicia contextual y dignidad de los pueblos
Statement of responsibility, etc. M. Maesschalck [and 21 others].
250 ## - EDITION STATEMENT
Edition statement Primera edición.
264 #1 - PRODUCTION, PUBLICATION, DISTRIBUTION, MANUFACTURE, AND COPYRIGHT NOTICE
Name of producer, publisher, distributor, manufacturer Project Muse,
264 #3 - PRODUCTION, PUBLICATION, DISTRIBUTION, MANUFACTURE, AND COPYRIGHT NOTICE
Name of producer, publisher, distributor, manufacturer Project MUSE,
300 ## - PHYSICAL DESCRIPTION
Extent 1 online resource (330 pages)
500 ## - GENERAL NOTE
General note Issued as part of book collections on Project MUSE.
504 ## - BIBLIOGRAPHY, ETC. NOTE
Bibliography, etc. note Includes bibliographical references.
505 0# - FORMATTED CONTENTS NOTE
Formatted contents note Luchas sociales para avanzar hacia una justicia contextualizada en America Latina y el Caribe : a guisa de introducción / Ricardo Salas A. -- Haití : del colapso del Estado al "narco-caos" / Marc Maesschalck -- Los pueblos son como los volcanes ante la injusticia social / Pablo Guadarrama González -- Un nuevo constituyente y una nueva constitución para Mexico : entre el levantamiento zapatista de 1994 y la cuarta transformación (4T) / Elisa Cruz Rueda -- Democracias revolucionarias en America Latina? / Ana Luisa Guerrero -- Hartos de sobrevivir : queremos vivir / Sofía Reding Blase -- Llenar las calles, llenar los cabildos, llenar de cabildos / Alfredo Gómez Muller -- La fractura : una lectura de las recientes movilizaciones sociales en Colombia / Leonardo Tovar González -- Contextos y descontextos en Venezuela frente a los cambios y regresiones en America Latina / Vladimir Aguilar Castro -- Ecuador : el levantamiento indígena y popular de octubre de 2019 / Juan J. Paz y Miño Cepeda -- Resistencia y lucha social indígena en los Andes ecuatorianos : Paro Nacional 2019 / Freddy Simbaña Pillajo -- Desigualdades persistentes y diversidad cultural / Fidel Tubino -- El ciclo estatal de las luchas en Bolivia (2006-2019), la crónica de una muerte anunciada y la coyuntura política actual / Jorge Viaña -- La tierra y sus dos dimensiones : la vida y la muerte / Maria Aparecida Rezende -- Un cafe filosófico post-dictaduras con el fin de pensar otra vez lo que ya hemos pensado / Jovino Pizzi -- Sugerencias de la democracia ecomunitarista para las revueltas populares actuales en America del Sur / Sirio López Velasco -- No es guerra, es dignidad / Yamandú Acosta -- Un nuevo Chile está naciendo? / María Luisa Rubinelli -- La "hora" de las ciudadanías interculturales emergentes / Alcira B. Bonilla -- Sujetos populares en el cambio de epoca / Eduardo J. Vior -- La primavera de Chile : revuelta popular y esteticas callejeras / Federico Mare -- Por un futuro digno para Chile y para todo el mundo / Jose María Aguirre Oraa.
506 0# - RESTRICTIONS ON ACCESS NOTE
Terms governing access Open Access
Standardized terminology for access restriction Unrestricted online access
Source of term star
520 ## - SUMMARY, ETC.
Summary, etc. Set of works of renowned Latin American intellectuals about the current political and social situation in our region, especially after the events of Ecuador, Brazil and Chile
588 ## - SOURCE OF DESCRIPTION NOTE
Source of description note Description based on print version record.
651 #0 - SUBJECT ADDED ENTRY--GEOGRAPHIC NAME
Geographic name Latin America
General subdivision Social conditions
Chronological subdivision 1982-
651 #0 - SUBJECT ADDED ENTRY--GEOGRAPHIC NAME
Geographic name Latin America
General subdivision Politics and government
Chronological subdivision 1980-
655 #7 - INDEX TERM--GENRE/FORM
Genre/form data or focus term Electronic books.
Source of term local
700 1# - ADDED ENTRY--PERSONAL NAME
Personal name Maesschalck, M.
Fuller form of name (Marc),
Relator term author.
710 2# - ADDED ENTRY--CORPORATE NAME
Corporate name or jurisdiction name as entry element Project Muse,
Relator term distributor.
710 2# - ADDED ENTRY--CORPORATE NAME
Corporate name or jurisdiction name as entry element Project Muse.
Relator term distributor
830 #0 - SERIES ADDED ENTRY--UNIFORM TITLE
Uniform title Book collections on Project MUSE.
856 40 - ELECTRONIC LOCATION AND ACCESS
Public note Full text available:
Uniform Resource Identifier <a href="https://muse.jhu.edu/book/73599/">https://muse.jhu.edu/book/73599/</a>
Holdings
Withdrawn status Lost status Source of classification or shelving scheme Damaged status Not for loan Home library Current library Shelving location Date acquired Total Checkouts Full call number Date last seen Uniform Resource Identifier Price effective from Koha item type
          Digital Library Digital Library Online Access 27.01.2021   F1414.3 .L837 2020 27.01.2021 https://muse.jhu.edu/book/73599/ 27.01.2021 eBook

OPENING HOURS

Weekdays: 0815hrs - 1800hrs
Weekends:0900hrs - 1200hrs

Closed for Mass:

Mon, Thur: 1200hrs - 1300hrs
Sunday & Public Holiday’s

CALL SUPPORT

0242-570570, 0242-570169
09200664, +263 8644140602

LOCATION

18443, Cranborne Avenue, Hatfield, Harare

Other Links


©2021 | CUZ Library